Statistics for European Cities by Letter - D

Click here to take the quiz!

General Stats

  • This quiz has been taken 48 times
  • The average score is 10 of 20

Answer Stats

ClueCity% Correct
Birthplace of a famous mustardDijon
91%
Capital of North Rhine-WestphaliaDüsseldorf
91%
Almost entirely destroyed during World War IIDresden
89%
Birthplace of the Borussia football teamDortmund
87%
Scottish city on the North SeaDundee
85%
Ukrainian city known for heavy industriesDonetsk
80%
Formerly a vital industrial centre of Soviet UkraineDnipro
61%
Albanian city occupied by Italy in 1915Durrës
61%
Centre of the British rail industry in the 19th centuryDerby
54%
Served as the Hungarian capital between 1944–1945Debrecen
52%
Originally established as a Viking settlementDublin
52%
South Yorkshire market townDoncaster
46%
Second largest city in LatviaDaugavpils
41%
Once a member of the Hanseatic LeagueDuisburg
30%
Translated, the city's name means "two sisters"Dos Hermanas
28%
Home to the 'Nieuwkerk', built in 1175Dordrecht
20%
First mentioned in 1606 as 'Rastyapino'Dzerzhinsk
15%
Called the 'Gymnastics Capital of Romania'Deva
9%
Russian city formerly known as 'Melekess'Dimitrovgrad
9%
Russian town downstream from the Ivankovo ReservoirDubna
9%

Score Distribution

Percentile by Number Answered

Percent of People with Each Score

Your Score History

You have not taken this quiz